LIBRARY ONLINE CATALOGUE

Teaching Entrepreneurship in Africa (Record no. 19154)

MARC details
000 -LEADER
fixed length control field 00396nam a22001457a 4500
008 - FIXED-LENGTH DATA ELEMENTS--GENERAL INFORMATION
fixed length control field 211129b |||||||| |||| 00| 0 eng d
020 ## - INTERNATIONAL STANDARD BOOK NUMBER
International Standard Book Number 3639514810
050 ## - LIBRARY OF CONGRESS CALL NUMBER
Classification number HB615
Item number .B85 2013 c.1
100 ## - MAIN ENTRY--PERSONAL NAME
Personal name Bwisa, Henry
245 ## - TITLE STATEMENT
Title Teaching Entrepreneurship in Africa
Statement of responsibility, etc. Henry Bwisa
260 ## - PUBLICATION, DISTRIBUTION, ETC. (IMPRINT)
Place of publication, distribution, etc. Germany
Name of publisher, distributor, etc. Scholars' Press
Date of publication, distribution, etc. 2013
300 ## - PHYSICAL DESCRIPTION
Extent iii, 45p.
650 ## - SUBJECT ADDED ENTRY--TOPICAL TERM
Topical term or geographic name as entry element Entrepreneurship
942 ## - ADDED ENTRY ELEMENTS (KOHA)
Source of classification or shelving scheme Library of Congress Classification
Koha item type General Collection
Holdings
Withdrawn status Lost status Source of classification or shelving scheme Not for loan Home library Current library Date acquired Cost, normal purchase price Total Checkouts Full call number Barcode Date last seen Price effective from Koha item type Date last checked out Inventory number Copy number
    Library of Congress Classification   Kabarak, Main Campus Kabarak, Main Campus 29/11/2021 5366.00   HB615 .B85 2013 c.1 029815 02/08/2024 29/11/2021 General Collection      
    Library of Congress Classification   Kabarak, Main Campus Kabarak, Main Campus 29/11/2021 5366.00 1 HB615 .B85 2013 c.2 029816 02/08/2024 29/11/2021 General Collection 25/01/2024    
    Library of Congress Classification   Kabarak, Main Campus Kabarak, Main Campus 29/11/2021 5366.00   HB615 .B85 2013 c.3 029814 02/08/2024 29/11/2021 General Collection   0404/2021 C.3